000 00599nam a2200241Ia 4500
003 OSt
005 20221007081009.0
006 a|||||r|||| 00| 0
007 ta
008 221006b |||||||| |||| 00| 0 eng d
024 _a17,434
037 _cTextual
040 _aFLL
_cFLL
_beng
041 _2eng
_aeng
082 _aY, L6
100 _aCoser Lewis A.
245 0 _aSociological theory
250 _a4th
260 _aNew York
_bMacmillan Publishing Co., Inc. USA
_c1976
300 _a651p
_ccm.
942 _hY, L6
_cTEXL
_2CC
999 _c1161613
_d1161613